[Event "Druzynowe Mistrzostwa Regionu KPZSzach 2"]
[Site "Kujawsko-pomorskie"]
[Date "2019.??.??"]
[Round "3.1"]
[White "Darowicki, Mariusz"]
[Black "Bieluszewski, Robert"]
[Result "1/2-1/2"]
[WhiteElo "1950"]
[BlackElo "1816"]
[PlyCount "107"]
[EventDate "2019.??.??"]

1. d4 d5 2. c4 c6 3. e3 Nf6 4. Nf3 e6 5. Nbd2 Bd6 6. Bd3 O-O 7. O-O Nbd7 8. e4
dxe4 9. Nxe4 Nxe4 10. Bxe4 e5 11. Qc2 h6 12. c5 Bc7 13. Be3 Qe7 14. Bf5 Nf6 15.
dxe5 Bxe5 16. Rfe1 Qc7 17. Nxe5 Qxe5 18. Bxc8 Raxc8 19. Bxh6 Qh5 20. Bf4 Rfe8
21. h3 Rxe1+ 22. Rxe1 Re8 23. Rxe8+ Nxe8 24. Qe4 Nf6 25. Qe5 Qd1+ 26. Kh2 Qc2
27. Bg3 a5 28. Bh4 Qc4 29. Bxf6 gxf6 30. Qxf6 Qxc5 31. h4 Qc4 32. b3 Qe2 33. a4
Qd1 34. Qg5+ Kh7 35. Qe3 Qd6+ 36. g3 b5 37. Qe4+ Kg7 38. Qg4+ Kf8 39. Qc8+ Kg7
40. Qg4+ Kf8 41. h5 bxa4 42. Qxa4 Qc5 43. Kg2 Qd5+ 44. f3 Qd2+ 45. Kh3 Qd5 46.
Kg4 Qe6+ 47. Kf4 Qh6+ 48. Ke4 Qe6+ 49. Kd3 Qd5+ 50. Ke3 Qc5+ 51. Qd4 Qxh5 52.
Qd6+ Kg7 53. Qxc6 Qg5+ 54. Ke4 1/2-1/2

[Event "Druzynowe Mistrzostwa Regionu KPZSzach 2"]
[Site "Kujawsko-pomorskie"]
[Date "2019.??.??"]
[Round "3.2"]
[White "Bieluszewski, Lukasz"]
[Black "Zolnierowicz, Krzysztof"]
[Result "1/2-1/2"]
[WhiteElo "1695"]
[BlackElo "1987"]
[PlyCount "60"]
[EventDate "2019.??.??"]

1. d4 Nf6 2. Nf3 e6 3. Nc3 d5 4. Bg5 Bb4 5. Bd2 O-O 6. g3 c6 7. Bg2 Nbd7 8. a3
Bd6 9. Bg5 h6 10. Bxf6 Qxf6 11. e4 e5 12. O-O exd4 13. Qxd4 Ne5 14. Nd2 Nc4 15.
Qxf6 gxf6 16. Nxc4 dxc4 17. Nd1 Bc5 18. Ne3 Bxe3 19. fxe3 Kg7 20. Rf4 Be6 21.
Raf1 Rfd8 22. Rxf6 Rd2 23. R6f2 Rad8 24. Rxd2 Rxd2 25. Rf2 Rd1+ 26. Rf1 Rd2 27.
Rf2 Rd1+ 28. Rf1 Rd2 29. Rf2 Rd1+ 30. Rf1 Rd2 1/2-1/2

[Event "Druzynowe Mistrzostwa Regionu KPZSzach 2"]
[Site "Kujawsko-pomorskie"]
[Date "2019.??.??"]
[Round "3.3"]
[White "Kaminski, Damian"]
[Black "Luchowski, Ferdynand"]
[Result "1-0"]
[WhiteElo "1839"]
[BlackElo "1549"]
[PlyCount "85"]
[EventDate "2019.??.??"]

1. d4 d5 2. Nf3 Nf6 3. Bg5 e6 4. Nbd2 Be7 5. e3 Nbd7 6. Bd3 c5 7. c3 c4 8. Bb1
h6 9. Bh4 b5 10. O-O Bb7 11. Re1 Ne4 12. Nxe4 dxe4 13. Bxe7 Qxe7 14. Nd2 Nf6
15. b3 cxb3 16. Qxb3 Qd7 17. a4 bxa4 18. Rxa4 O-O 19. c4 Bc6 20. Ra6 Rfb8 21.
Qa3 Rb6 22. Ra5 Rb7 23. Bc2 Kh7 24. Nb3 Qe7 25. Nc5 Rc7 26. Ra1 Kg8 27. h3 Kh8
28. Kf1 Kg8 29. Ke2 Kh8 30. Qb2 g6 31. Qb1 Qd6 32. Nxe4 Bxe4 33. Bxe4 Nxe4 34.
Qxe4 Qd8 35. c5 Kg8 36. Ra6 Qc8 37. h4 Kh7 38. h5 Re7 39. hxg6+ fxg6 40. Rc6
Qb7 41. Rb1 Qd7 42. Rd6 Qe8 43. Rb7 1-0

[Event "Druzynowe Mistrzostwa Regionu KPZSzach 2"]
[Site "Kujawsko-pomorskie"]
[Date "2019.??.??"]
[Round "3.4"]
[White "Malinowski, Tomasz"]
[Black "Szmidt, Przemyslaw"]
[Result "0-1"]
[WhiteElo "1624"]
[BlackElo "1860"]
[PlyCount "102"]
[EventDate "2019.??.??"]

1. d4 Nf6 2. c4 e6 3. Nc3 Bb4 4. Qc2 Bxc3+ 5. bxc3 O-O 6. Bg5 h6 7. Bh4 Qe7 8.
e4 e5 9. d5 Na6 10. Nf3 Nc5 11. Nd2 g5 12. Bg3 Nh5 13. Be2 Nf4 14. Bxf4 exf4
15. f3 f5 16. Bd3 d6 17. O-O fxe4 18. Bxe4 Nxe4 19. fxe4 Bg4 20. Rae1 Qh7 21.
Qb1 b6 22. e5 Qxb1 23. Nxb1 dxe5 24. Rxe5 Rae8 25. Rfe1 Kf7 26. Kf2 Rxe5 27.
Rxe5 Re8 28. Rxe8 Kxe8 29. Nd2 Ke7 30. h3 Bf5 31. Ke2 Kd6 32. Nb3 Bb1 33. a3
Be4 34. Kf2 Bd3 35. Nd4 Bxc4 36. Nf5+ Ke5 37. Nxh6 Bxd5 38. Ng4+ Kd6 39. Nf6
Bb7 40. g3 fxg3+ 41. Kxg3 Ke5 42. Ng4+ Ke4 43. Nf6+ Kd3 44. Nh7 Bc8 45. Nxg5
Bxh3 46. Kxh3 Kxc3 47. Ne6 c5 48. Kg3 Kb3 49. Nc7 c4 50. Nb5 c3 51. Nd4+ Kb2
0-1

[Event "Druzynowe Mistrzostwa Regionu KPZSzach 2"]
[Site "Kujawsko-pomorskie"]
[Date "2019.??.??"]
[Round "3.5"]
[White "Kot, Ewelina"]
[Black "Rybak, Elzbieta"]
[Result "1-0"]
[WhiteElo "1239"]
[BlackElo "1192"]
[PlyCount "89"]
[EventDate "2019.??.??"]

1. d4 e6 2. Bf4 Nf6 3. Nf3 d6 4. c4 Nbd7 5. Nc3 c6 6. e4 h6 7. Bd3 g6 8. Qc2
Nh5 9. Bg3 Bg7 10. Bxd6 e5 11. dxe5 Nf4 12. Bf1 Nf8 13. Rd1 Bd7 14. Qd2 g5 15.
h4 N8g6 16. hxg5 h5 17. Qe3 b6 18. g3 Ne6 19. Bh3 Qc8 20. Ba3 Qb7 21. Bd6 O-O-O
22. b3 Bf8 23. Bxe6 fxe6 24. Nh4 Be8 25. Nxg6 Bxg6 26. Ke2 Rh7 27. Bxf8 Rxf8
28. Rd6 Rhf7 29. f4 Rd7 30. Rxe6 Bf7 31. Rd6 Rfd8 32. Rhd1 h4 33. g6 Bg8 34.
gxh4 b5 35. cxb5 cxb5 36. Qc5+ Kb8 37. Rxd7 Rxd7 38. Qf8+ Kc7 39. Rxd7+ Kxd7
40. Qg7+ Kc6 41. Qxb7+ Kxb7 42. f5 Kc6 43. f6 a5 44. f7 Bxf7 45. gxf7 1-0

[Event "Druzynowe Mistrzostwa Regionu KPZSzach 2"]
[Site "Kujawsko-pomorskie"]
[Date "2019.??.??"]
[Round "3.6"]
[White "Wojcicki, Mateusz"]
[Black "Grochowalski, Pawel"]
[Result "0-1"]
[WhiteElo "1825"]
[BlackElo "2085"]
[PlyCount "80"]
[EventDate "2019.??.??"]

1. e4 d5 2. exd5 Qxd5 3. Nc3 Qd8 4. Nf3 Nf6 5. h3 Bf5 6. d4 c6 7. Bd3 Bxd3 8.
Qxd3 e6 9. O-O Be7 10. Bf4 O-O 11. Rfd1 Nbd7 12. Ng5 h6 13. Nge4 Nxe4 14. Nxe4
Nf6 15. f3 Qb6 16. a4 a5 17. Kf1 Nd5 18. Bg3 Rfd8 19. c4 Nb4 20. Qc3 f5 21. Nf2
Bf6 22. Be5 Bxe5 23. dxe5 Qc5 24. b3 Nd5 25. Qb2 Ne3+ 26. Ke2 Nxd1 27. Rxd1
Rxd1 28. Nxd1 Rd8 29. Nf2 b5 30. Nd3 Qb6 31. cxb5 cxb5 32. Qc3 bxa4 33. bxa4
Qd4 34. Qb3 Kh8 35. Qc2 f4 36. Qd2 g5 37. h4 Kg7 38. h5 Rd7 39. g3 fxg3 40. Qc2
Qxd3+ 0-1

[Event "Druzynowe Mistrzostwa Regionu KPZSzach 2"]
[Site "Kujawsko-pomorskie"]
[Date "2019.??.??"]
[Round "3.7"]
[White "Kulinski, Krzysztof"]
[Black "Jesse, Jacek"]
[Result "1-0"]
[WhiteElo "1977"]
[BlackElo "1965"]
[PlyCount "107"]
[EventDate "2019.??.??"]

1. Nf3 d5 2. d4 c5 3. e3 Nc6 4. h3 Nf6 5. c4 e6 6. Nc3 a6 7. a4 Be7 8. Be2 O-O
9. O-O Nb4 10. b3 Qc7 11. Bb2 Rd8 12. Qb1 b6 13. Rc1 Qb8 14. Na2 dxc4 15. Nxb4
cxb4 16. Bxc4 Bb7 17. Ne5 Bd6 18. Bd3 h6 19. Nc6 Bxc6 20. Rxc6 Qb7 21. Qc2 Nd5
22. Bh7+ Kh8 23. Be4 Qb8 24. Qe2 Ra7 25. Rac1 Ne7 26. R6c2 f5 27. Bd3 e5 28.
dxe5 Bxe5 29. Bxe5 Qxe5 30. Bxa6 Nd5 31. Rd2 Rf8 32. Qb5 Rxa6 33. Qxa6 Nc3 34.
Qxb6 Rf6 35. Qxb4 Ne4 36. Rd8+ Kh7 37. Qc4 Qb2 38. Rc2 Qb1+ 39. Kh2 Qe1 40. Qe2
Qa5 41. Rcc8 Kg6 42. h4 Nd6 43. h5+ Kf7 44. Rf8+ Ke7 45. Rxf6 Qe5+ 46. f4 Qxf6
47. Rc7+ Kd8 48. Rc1 Qh4+ 49. Kg1 Ne4 50. Qd3+ Ke7 51. Rc7+ Kf8 52. Rc8+ Kf7
53. Qd5+ Ke7 54. Qd8+ 1-0

[Event "Druzynowe Mistrzostwa Regionu KPZSzach 2"]
[Site "Kujawsko-pomorskie"]
[Date "2019.??.??"]
[Round "3.8"]
[White "Operman, Dariusz"]
[Black "Cichocki, Konrad"]
[Result "1-0"]
[WhiteElo "1417"]
[BlackElo "1811"]
[PlyCount "31"]
[EventDate "2019.??.??"]

1. e4 e5 2. Nf3 Nc6 3. Bc4 Bc5 4. O-O Nf6 5. d4 Bxd4 6. Nxd4 Nxd4 7. f4 Ne6 8.
fxe5 Nxe4 9. Qg4 f5 10. Qxf5 Qh4 11. Bxe6 Nf6 12. exf6 dxe6 13. f7+ Kf8 14.
Qc5+ Qe7 15. Be3 b6 16. Qxe7+ 1-0

[Event "Druzynowe Mistrzostwa Regionu KPZSzach 2"]
[Site "Kujawsko-pomorskie"]
[Date "2019.??.??"]
[Round "3.9"]
[White "Augustowski, Janusz"]
[Black "Zakrzewski, Szymon"]
[Result "1-0"]
[WhiteElo "1740"]
[BlackElo "1321"]
[PlyCount "49"]
[EventDate "2019.??.??"]

1. d4 d5 2. Nf3 Nc6 3. Bf4 Bf5 4. e3 e6 5. Bb5 f6 6. O-O a6 7. Bxc6+ bxc6 8. c4
c5 9. Nc3 c6 10. Qa4 Qd7 11. Rfd1 Bg4 12. dxc5 Bxf3 13. gxf3 Ne7 14. Bd6 Nf5
15. Bxf8 Kxf8 16. cxd5 exd5 17. Nxd5 Qb7 18. Qf4 cxd5 19. Qxf5 Rd8 20. b3 Kf7
21. Rd4 g6 22. Qd3 f5 23. Rd1 Rhg8 24. Rxd5 Kf6 25. Rxd8 1-0

[Event "Druzynowe Mistrzostwa Regionu KPZSzach 2"]
[Site "Kujawsko-pomorskie"]
[Date "2019.??.??"]
[Round "3.10"]
[White "Marszelska, Joanna"]
[Black "Cichocka, Katarzyna"]
[Result "0-1"]
[WhiteElo "1419"]
[BlackElo "1540"]
[PlyCount "104"]
[EventDate "2019.??.??"]

1. e4 c5 2. Nf3 d6 3. Nc3 Nf6 4. d4 cxd4 5. Nxd4 a6 6. Be3 Ng4 7. Qf3 Nxe3 8.
Qxe3 e6 9. O-O-O Be7 10. Nf3 O-O 11. Bc4 Qc7 12. Bb3 Nc6 13. h4 b5 14. g4 Rb8
15. a3 a5 16. Nd4 b4 17. Ncb5 Qb6 18. Ba4 bxa3 19. Nxc6 axb2+ 20. Kxb2 Qxc6 21.
Qd3 Ba6 22. c4 Qc5 23. g5 Rfc8 24. Rc1 Qxf2+ 25. Rc2 Qc5 26. Rd1 Qb4+ 27. Qb3
Qxb3+ 28. Kxb3 g6 29. Ka2 Bxb5 30. Bxb5 Rxb5 31. cxb5 Rxc2+ 32. Kb3 Rc8 33. Ka4
Bd8 34. Rxd6 Kf8 35. b6 Ke7 36. e5 Bxb6 37. Rxb6 Rc4+ 38. Kxa5 Rxh4 39. Rb7+
Kf8 40. Rb8+ Kg7 41. Re8 Re4 42. Kb6 Rxe5 43. Kc6 Rxg5 44. Kd6 Ra5 45. Kd7 Ra7+
46. Kc6 h5 47. Kc5 Rd7 48. Kc6 Rd5 49. Re7 h4 50. Ra7 h3 51. Ra2 Rh5 52. Rf2 h2
0-1

[Event "Druzynowe Mistrzostwa Regionu KPZSzach 2"]
[Site "Kujawsko-pomorskie"]
[Date "2019.??.??"]
[Round "3.11"]
[White "Krainski, Aleksander"]
[Black "Straszewski, Tomasz"]
[Result "1-0"]
[WhiteElo "2109"]
[BlackElo "1682"]
[PlyCount "171"]
[EventDate "2019.??.??"]

1. d4 Nf6 2. Nf3 c5 3. e3 e6 4. c4 d5 5. Nc3 Nc6 6. a3 b6 7. cxd5 Nxd5 8. Bb5
Bb7 9. Qa4 Qc7 10. Nxd5 exd5 11. Ne5 Rc8 12. Qxa7 Bd6 13. Bxc6+ Bxc6 14. Qxc7
Rxc7 15. Nxc6 Rxc6 16. Kd2 Kd7 17. Kd3 Rhc8 18. Bd2 f5 19. g3 Ra8 20. h3 Rf8
21. Bc3 c4+ 22. Kd2 b5 23. f4 Ra6 24. g4 Be7 25. Rag1 Bf6 26. gxf5 Re8 27. h4
h5 28. Rh3 Kc6 29. Rg6 Ra7 30. Bb4 Rf7 31. Kc3 Re4 32. b3 Re8 33. a4 bxa4 34.
bxc4 dxc4 35. Kxc4 Rc7 36. Rg2 Rd7 37. Bc5 Rd5 38. Rd2 Rxc5+ 39. dxc5 Re4+ 40.
Kd3 Rb4 41. Rh1 Kxc5 42. Rc1+ Kd5 43. Rc8 Rb3+ 44. Ke2+ Ke4 45. Rd4+ Kxf5 46.
Kf3 Bxh4 47. Rdc4 Kg6 48. Rxa4 Be7 49. Ra6+ Kh7 50. Rc4 Bf6 51. Rc8 Kg6 52. Ra2
Kf5 53. Rca8 Be7 54. Rh8 h4 55. Rg2 Bf6 56. Rh7 Bd4 57. Rh5+ Kf6 58. Re2 Bb6
59. Rxh4 Kf5 60. Rh5+ Kf6 61. Re5 Bc7 62. Re8 Bb6 63. Re5 Bc7 64. Re4 Bb6 65.
Rc2 Rb1 66. Rc6+ Kf7 67. Re5 Rb3 68. Rce6 Bd4 69. Re7+ Kf8 70. Re8+ Kf7 71.
R5e7+ Kg6 72. Kg4 Bf6 73. Re6 Rb1 74. e4 Rg1+ 75. Kf3 Re1 76. e5 Kf7 77. f5 Bg5
78. Rc8 Bh6 79. Rc7+ Kf8 80. f6 Rf1+ 81. Ke4 Rf4+ 82. Kd5 gxf6 83. Rxf6+ Rxf6
84. exf6 Bf4 85. Rd7 Bd2 86. Ke6 1-0

[Event "Druzynowe Mistrzostwa Regionu KPZSzach 2"]
[Site "Kujawsko-pomorskie"]
[Date "2019.??.??"]
[Round "3.12"]
[White "Kaminski, Mateusz"]
[Black "Krainski, Slawomir"]
[Result "1/2-1/2"]
[WhiteElo "1432"]
[BlackElo "2107"]
[PlyCount "90"]
[EventDate "2019.??.??"]

1. e4 e5 2. Nf3 Nc6 3. d4 exd4 4. Nxd4 Nf6 5. Nxc6 bxc6 6. e5 Qe7 7. Qe2 Nd5 8.
c4 Nb6 9. b3 Qe6 10. Bb2 Bb4+ 11. Nd2 a5 12. a4 Ba6 13. O-O-O Rb8 14. Qf3 Qe7
15. Kc2 O-O 16. Ne4 Rfe8 17. Bd3 Qh4 18. Qf5 Be7 19. Bc1 d5 20. exd6 Bc8 21.
Qxa5 cxd6 22. Be3 d5 23. g3 Qg4 24. h3 Qe6 25. Bxb6 dxe4 26. Be2 Qf6 27. Bd4
Qg6 28. Qe5 Be6 29. Bh5 Qh6 30. Be3 Qf6 31. Bf4 Rb7 32. Qxf6 Bxf6 33. Rd6 c5
34. Be3 Rc8 35. h4 Rcb8 36. Rb1 Bxc4 37. Kd2 Bd3 38. Rc1 c4 39. bxc4 Rb2+ 40.
Ke1 Rb1 41. Rxb1 Rxb1+ 42. Kd2 Rb2+ 43. Kc1 Rb1+ 44. Kd2 Rb2+ 45. Kc1 Rb1+
1/2-1/2

[Event "Druzynowe Mistrzostwa Regionu KPZSzach 2"]
[Site "Kujawsko-pomorskie"]
[Date "2019.??.??"]
[Round "3.13"]
[White "Szczesniak, Andrzej"]
[Black "Podlewski, Szymon"]
[Result "1-0"]
[WhiteElo "1934"]
[BlackElo "1540"]
[PlyCount "26"]
[EventDate "2019.??.??"]

1. d4 d5 2. c4 e5 3. dxe5 d4 4. Nf3 Nc6 5. Nbd2 Bb4 6. a3 Bxd2+ 7. Bxd2 Nge7 8.
Bg5 Bg4 9. Qb3 Bxf3 10. exf3 Nxe5 11. f4 N5g6 12. f5 f6 13. fxg6 fxg5 {DALSZY
ZAPIS PARTII NIECZYTELNY} 1-0

[Event "Druzynowe Mistrzostwa Regionu KPZSzach 2"]
[Site "Kujawsko-pomorskie"]
[Date "2019.??.??"]
[Round "3.14"]
[White "Bromirski, Gracjan"]
[Black "Laskowski, Filip"]
[Result "0-1"]
[WhiteElo "1347"]
[BlackElo "1902"]
[PlyCount "96"]
[EventDate "2019.??.??"]

1. e4 e6 2. d4 d5 3. e5 c5 4. c3 Nc6 5. Nf3 Bd7 6. a3 c4 7. Bg5 Nge7 8. Nbd2
Na5 9. g3 h6 10. Bxe7 Bxe7 11. Bg2 Bc6 12. O-O Qd7 13. Qe2 Ba4 14. Ne1 O-O-O
15. Rc1 Kb8 16. Nc2 Bxc2 17. Rxc2 g5 18. f4 Rdf8 19. Rcc1 h5 20. h3 gxf4 21.
gxf4 Rfg8 22. Kh1 Nc6 23. Nf3 Bd8 24. Qf2 h4 25. Nh2 Ne7 26. Rg1 Nf5 27. Nf1 f6
28. Rc2 fxe5 29. fxe5 Qh7 30. Re2 Rf8 31. Qe1 Rhg8 32. Rf2 Bg5 33. Qe2 Qh6 34.
a4 Bf4 35. Qc2 Qg5 36. Qe2 Ng3+ 37. Nxg3 Qxg3 38. Rxf4 Rxf4 39. Rf1 Rxf1+ 40.
Qxf1 a6 41. a5 Ka7 42. Qe2 Rg5 43. Qf1 Rf5 44. Qd1 Rf2 45. Qg1 Rxb2 46. Qf1 Rf2
47. Qg1 Re2 48. Qf1 Re1 0-1

[Event "Druzynowe Mistrzostwa Regionu KPZSzach 2"]
[Site "Kujawsko-pomorskie"]
[Date "2019.??.??"]
[Round "3.15"]
[White "Pacuszka, Wioletta"]
[Black "Borkowska, Zuzanna"]
[Result "1/2-1/2"]
[WhiteElo "1743"]
[BlackElo "1592"]
[PlyCount "66"]
[EventDate "2019.??.??"]

1. e4 c5 2. Nf3 Nc6 3. d4 cxd4 4. Nxd4 g6 5. Nc3 Bg7 6. Nde2 Nf6 7. g3 d6 8.
Bg2 O-O 9. O-O Bd7 10. h3 Rc8 11. Rb1 a6 12. Be3 Ne5 13. b3 Bc6 14. Nd5 Ned7
15. Bf4 Bxd5 16. exd5 b5 17. Nd4 Nb6 18. Nc6 Qd7 19. Re1 Rfe8 20. c4 bxc4 21.
bxc4 Nxc4 22. Qb3 Ne5 23. Bxe5 dxe5 24. Nxe5 Qd6 25. Nc6 Nd7 26. Qb4 Qxb4 27.
Nxb4 Bc3 28. Red1 Bxb4 29. Rxb4 Rc2 30. Ra4 Ne5 31. Ra5 Rd8 32. Rb1 Rd6 33.
Rb8+ Kg7 1/2-1/2

[Event "Druzynowe Mistrzostwa Regionu KPZSzach 2"]
[Site "Kujawsko-pomorskie"]
[Date "2019.??.??"]
[Round "3.16"]
[White "Jablonski, Miroslaw"]
[Black "Kacprzak, Karol"]
[Result "1/2-1/2"]
[WhiteElo "1830"]
[BlackElo "1868"]
[PlyCount "60"]
[EventDate "2019.??.??"]

1. d4 Nf6 2. c4 c5 3. d5 b5 4. cxb5 a6 5. bxa6 Bxa6 6. Nc3 g6 7. e4 Bxf1 8.
Kxf1 d6 9. g4 Bg7 10. g5 Nfd7 11. Kg2 Na6 12. f4 O-O 13. h4 c4 14. Qf3 Re8 15.
h5 Nac5 16. hxg6 fxg6 17. Qh3 Nf8 18. Nge2 Qc8 19. f5 Nd3 20. Nf4 Nxf4+ 21.
Bxf4 Rb8 22. Rab1 Rb7 23. Rhf1 Qd7 24. Bc1 Be5 25. Qf3 Reb8 26. Rf2 Bd4 27. Rf1
Be5 28. Rf2 Bd4 29. Rf1 Be5 30. Rf2 Bd4 1/2-1/2

[Event "Druzynowe Mistrzostwa Regionu KPZSzach 2"]
[Site "Kujawsko-pomorskie"]
[Date "2019.??.??"]
[Round "3.17"]
[White "Kacprzak, Kacper"]
[Black "Sivickis, Wiktoria"]
[Result "1-0"]
[WhiteElo "1845"]
[BlackElo "1727"]
[PlyCount "37"]
[EventDate "2019.??.??"]

1. e4 c5 2. Nf3 a6 3. d4 cxd4 4. Nxd4 e5 5. Nb3 Nf6 6. Nc3 Bb4 7. Bd3 Nc6 8.
O-O O-O 9. Nd5 d6 10. Bg5 Be6 11. Bxf6 gxf6 12. Qh5 Kg7 13. f4 h6 14. Rf3 Rh8
15. Raf1 f5 16. c4 exf4 17. Nxf4 Ne5 18. Rg3+ Kh7 19. exf5 1-0

[Event "Druzynowe Mistrzostwa Regionu KPZSzach 2"]
[Site "Kujawsko-pomorskie"]
[Date "2019.??.??"]
[Round "3.18"]
[White "Kozlinski, Marcin"]
[Black "Budnik, Mateusz"]
[Result "0-1"]
[WhiteElo "1557"]
[BlackElo "2072"]
[PlyCount "84"]
[EventDate "2019.??.??"]

1. d4 Nf6 2. c4 e6 3. Nf3 d5 4. Bg5 Be7 5. Nc3 O-O 6. e3 c6 7. Bd3 h6 8. Bh4
Nbd7 9. Qc2 dxc4 10. Bxc4 Nb6 11. Bb3 Nbd5 12. O-O Nd7 13. Bg3 Re8 14. Nxd5
exd5 15. Bxd5 Nf8 16. Bb3 Be6 17. Rfd1 Qb6 18. Bxe6 Nxe6 19. Ne5 Rad8 20. Qf5
Bf6 21. Nc4 Qa6 22. Nd6 Rf8 23. a3 Rd7 24. Rac1 Rfd8 25. Nc4 Rd5 26. Ne5 c5 27.
Qh5 Bxe5 28. dxe5 Qb5 29. Rxd5 Rxd5 30. b4 Qd3 31. bxc5 Rxc5 32. Qd1 Qxa3 33.
Ra1 Qb2 34. f4 Rc2 35. f5 Rxg2+ 36. Kh1 Rd2 37. Qf1 Ng5 38. Rxa7 Qc2 39. Ra8+
Kh7 40. Ra1 Qe4+ 41. Kg1 Nf3+ 42. Kh1 Nxh2+ 0-1

[Event "Druzynowe Mistrzostwa Regionu KPZSzach 2"]
[Site "Kujawsko-pomorskie"]
[Date "2019.??.??"]
[Round "3.19"]
[White "Olszewski, Marek"]
[Black "Sliwicki, Damian"]
[Result "1/2-1/2"]
[WhiteElo "2003"]
[BlackElo "2185"]
[PlyCount "59"]
[EventDate "2019.??.??"]

1. e4 c5 2. Nf3 d6 3. d4 Nf6 4. Nc3 cxd4 5. Qxd4 a6 6. Bg5 Nc6 7. Qd2 e6 8.
O-O-O Be7 9. Bd3 h6 10. Be3 Ng4 11. Bf4 Nge5 12. Kb1 Qa5 13. Ne2 Qxd2 14. Nxd2
Nxd3 15. cxd3 O-O 16. Nc4 Rd8 17. Nb6 Rb8 18. d4 e5 19. Be3 Bg4 20. f3 Bh5 21.
d5 Na7 22. Nc3 Bg6 23. g4 Nc8 24. Nca4 Nxb6 25. Bxb6 Rf8 26. Rc1 f5 27. exf5
Be8 28. Nc3 Rc8 29. Rhg1 Kh7 30. Rc2 {Dalszy zapis partii nieczytelny} 1/2-1/2

[Event "Druzynowe Mistrzostwa Regionu KPZSzach 2"]
[Site "Kujawsko-pomorskie"]
[Date "2019.??.??"]
[Round "3.20"]
[White "Sivickis, Kornelia"]
[Black "Dabrowska, Aleksandra"]
[Result "0-1"]
[WhiteElo "1111"]
[BlackElo "1550"]
[PlyCount "101"]
[EventDate "2019.??.??"]

1. e4 c6 2. d4 d5 3. Nc3 dxe4 4. Nxe4 Bf5 5. Ng3 Bg6 6. h4 h6 7. h5 Bh7 8. Nf3
Nd7 9. Bd3 Bxd3 10. Qxd3 e6 11. Be3 Bd6 12. Ne2 Qc7 13. c3 Ngf6 14. Nc1 Nd5 15.
Nd2 Nxe3 16. Qxe3 Bf4 17. Qe2 Nf6 18. Ncb3 Bxd2+ 19. Nxd2 Qf4 20. g3 Qf5 21.
O-O-O O-O-O 22. Rde1 Rd5 23. Nc4 Qh7 24. Ne5 Qg8 25. Qc4 Qe8 26. b4 Qe7 27. Re2
Ne8 28. a4 Nc7 29. Qb3 Rhd8 30. Rd2 f6 31. Ng6 Qd7 32. Nf4 Rd6 33. Rhd1 e5 34.
Nd3 exd4 35. Nc5 Qg4 36. Rxd4 Rxd4 37. Rxd4 Rxd4 38. cxd4 Nd5 39. Qc4 Qg5+ 40.
Kb1 Qf5+ 41. Kc1 Qxf2 42. g4 Qg1+ 43. Kb2 Qxg4 44. b5 Qg2+ 45. Kc1 Qg1+ 46. Kb2
Qf2+ 47. Kc1 Qe1+ 48. Kb2 Qd2+ 49. Kb3 Qe3+ 50. Kb2 Qe8 {Dalszy zapis partii
nieczytelny} 51. Nd3 0-1

[Event "Druzynowe Mistrzostwa Regionu KPZSzach 2"]
[Site "Kujawsko-pomorskie"]
[Date "2019.??.??"]
[Round "3.21"]
[White "Wolanski, Michal"]
[Black "Gryniakow, Jaroslaw"]
[Result "1/2-1/2"]
[WhiteElo "2008"]
[BlackElo "2138"]
[PlyCount "62"]
[EventDate "2019.??.??"]

1. c4 g6 2. Nc3 Bg7 3. g3 d6 4. Bg2 Nc6 5. Nf3 e5 6. O-O f5 7. d3 Nf6 8. Rb1 a5
9. a3 h6 10. b4 axb4 11. axb4 O-O 12. b5 Ne7 13. e3 Be6 14. Nd2 Rb8 15. Bb2 g5
16. f4 Ng6 17. h3 Kh7 18. Kh2 Qd7 19. Qc2 Qf7 20. Ra1 gxf4 21. exf4 exf4 22.
gxf4 Nh5 23. Ne2 Rg8 24. Nb3 Bxb2 25. Qxb2 Nh4 26. Bh1 Rg7 27. Rg1 Rxg1 28.
Rxg1 b6 29. Nbd4 Qf6 30. Qd2 Re8 31. Qe3 Bf7 1/2-1/2

[Event "Druzynowe Mistrzostwa Regionu KPZSzach 2"]
[Site "Kujawsko-pomorskie"]
[Date "2019.??.??"]
[Round "3.22"]
[White "Lewandowski, Marek"]
[Black "Musial, Marian"]
[Result "1/2-1/2"]
[WhiteElo "1871"]
[BlackElo "1526"]
[PlyCount "69"]
[EventDate "2019.??.??"]

1. e4 e6 2. d4 c5 3. d5 d6 4. c4 Ne7 5. Nc3 g6 6. Nf3 Bg7 7. Bd3 e5 8. h3 f5 9.
Bg5 f4 10. g3 h6 11. Bxe7 Qxe7 12. gxf4 O-O 13. Ne2 exf4 14. Qd2 Qf6 15. O-O-O
Nd7 16. Nc3 Ne5 17. Nxe5 Qxe5 18. f3 Bd7 19. Qg2 Rf6 20. h4 a6 21. Qc2 b5 22.
Ne2 Rff8 23. Rhg1 Kh7 24. Qc3 Qh5 25. Qd2 bxc4 26. Bxc4 Qxf3 27. Qd3 Qxd3 28.
Bxd3 Be5 29. Rh1 Bb5 30. Bxb5 axb5 31. a3 b4 32. Rh3 bxa3 33. Rxa3 f3 34. Ng1
f2 35. Ne2 {DALSZY ZAPIS PARTII NIECZYTELNY} 1/2-1/2

[Event "Druzynowe Mistrzostwa Regionu KPZSzach 2"]
[Site "Kujawsko-pomorskie"]
[Date "2019.??.??"]
[Round "3.23"]
[White "Przybylski, Bartosz"]
[Black "Papka, Sebastian"]
[Result "0-1"]
[WhiteElo "1379"]
[BlackElo "2136"]
[PlyCount "66"]
[EventDate "2019.??.??"]

1. e4 d5 2. exd5 Nf6 3. Nf3 Nxd5 4. Be2 c5 5. O-O e6 6. d4 Nc6 7. c3 Be7 8. Bc4
Nb6 9. Bb5 O-O 10. Bxc6 bxc6 11. dxc5 Bxc5 12. Qxd8 Rxd8 13. Nbd2 Ba6 14. Re1
Be7 15. Nb3 c5 16. Be3 Na4 17. Rab1 Bd3 18. Rbd1 Nxb2 19. Rd2 Nc4 20. Rdd1 Rac8
21. Nc1 (21. Bc1 Bc2) 21... Bc2 22. Rxd8+ Rxd8 23. Nb3 Rd5 24. Nfd2 Nxe3 25.
fxe3 e5 26. Rf1 Bxb3 27. Nxb3 c4 28. Na1 Bc5 29. Rb1 Bxe3+ 30. Kf1 Bb6 31. Nc2
Rd2 32. Nb4 Rf2+ 33. Ke1 Rxg2 0-1

[Event "Druzynowe Mistrzostwa Regionu KPZSzach 2"]
[Site "Kujawsko-pomorskie"]
[Date "2019.??.??"]
[Round "3.24"]
[White "Musial, Adam"]
[Black "Paprocki, Jaroslaw"]
[Result "1/2-1/2"]
[WhiteElo "1716"]
[BlackElo "2218"]
[PlyCount "83"]
[EventDate "2019.??.??"]

1. c4 Nf6 2. g3 c6 3. Bg2 d5 4. Nf3 Bg4 5. O-O Nbd7 6. d3 e6 7. b3 Be7 8. Bb2
O-O 9. Nbd2 a5 10. Ne5 Nxe5 11. Bxe5 Nd7 12. Bb2 Bh5 13. Bf3 Bxf3 14. Nxf3 Bf6
15. Bxf6 Qxf6 16. d4 Rfe8 17. cxd5 exd5 18. Qd3 Re4 19. Kg2 Qe7 20. e3 Re6 21.
a3 a4 22. b4 Nb6 23. Nd2 Re8 24. Rfe1 Rh6 25. e4 Qd7 26. h4 Rhe6 27. e5 f6 28.
f4 R6e7 29. Re2 f5 30. Rb1 Rc8 31. Ree1 Na8 32. b5 cxb5 33. Rxb5 b6 34. Reb1 g6
35. Nf1 Qc6 36. Ne3 Rd7 37. R1b2 Qc1 38. Rc2 Rxc2+ 39. Qxc2 Qxc2+ 40. Nxc2 Kf7
41. Nb4 Ke6 42. Na6 1/2-1/2

[Event "Druzynowe Mistrzostwa Regionu KPZSzach 2"]
[Site "Kujawsko-pomorskie"]
[Date "2019.??.??"]
[Round "3.25"]
[White "Paprocka, Renata"]
[Black "Mackiewicz, Anna"]
[Result "1-0"]
[WhiteElo "1925"]
[BlackElo "1857"]
[PlyCount "65"]
[EventDate "2019.??.??"]

1. d4 d5 2. Nf3 Nf6 3. c4 e6 4. Bg5 Nbd7 5. Nc3 c6 6. e3 Qa5 7. Nd2 Bb4 8. Qc2
dxc4 9. Bxf6 Nxf6 10. Nxc4 Qg5 11. a3 Be7 12. g3 O-O 13. Bg2 Nd7 14. b4 e5 15.
dxe5 Nxe5 16. f4 Qg6 17. Be4 Nf3+ 18. Kf2 Qe6 19. Ne2 Ng5 20. fxg5 Bxg5 21. Nf4
Qh6 22. Rad1 Be6 23. Nd6 Bg4 24. Bf3 Bxf3 25. Kxf3 Rad8 26. Nxb7 Rxd1 27. Rxd1
Re8 28. Rd6 Bf6 29. Qxc6 Kf8 30. h4 Rb8 31. Nc5 Rd8 32. Nd7+ Rxd7 33. Qxd7 1-0